00385nam a22001337a 450000500170000000800410001704100240005808200130008210000230009524500400011826000370015830000310019565000250022620240823100704.0240823b |||||||| |||| 00| 0 eng d aEnglish/Afrikaans  a349 LAW  lEnglish/Afrikaans  aThe Laws of South West Africa 1965  aWindhoek: bBy Authority, c1965 blxix, 259 pages; c25 cm.  aLegal practice bLaw